Māori location words - Statistics

General Stats
  • This quiz has been taken 15 times
  • The average score is 8 of 26
Answer Stats
Hint Answer % Correct
Inside Roto
82%
Where Hea/ Whea
64%
There, further away
64%
Left side Mauī
64%
Under Raro
64%
Outside, offshore Waho
64%
Here Konei
55%
Right side Matau / Katau
55%
On Runga
55%
There Konā
36%
Over there, yonder Korā
36%
That place, there Reira
36%
In front, Before, Southwards Mua
27%
Behind, after, Northwards Muri
27%
Amid, garden Waenga
18%
Among, between Waenganui
18%
At sea, around the coast Tai
9%
Seaside, Riverside Tātahi
9%
The middle
9%
The side, aside Tahaki
0%
Other side Taitua
0%
Opposite side Tāwāhi
0%
Beyond Tua
0%
Ashore, inland Uta
0%
Towards the centre Waengapū
0%
Middle, midst Waengarahi
0%
No matching quizzes found
Score Distribution
Percent of People with Each Score
Percentile by Number Answered
Your Score History
You have not taken this quiz